000 00684nam a2200289Ia 4500
005 20260324143524.0
008 008 260324s9999 xx 000 0 eng d
020 _a9780429435898
037 _aEBOOK
040 _aCRL
040 _beng
040 _cCRL
041 _2eng
041 _aeng
084 _qCRL
100 _aMehmet S. Yavas
_91215937
245 0 _aPhonological Disorders in Children
245 0 _bTheory, Research and Practice
260 _bTaylor and Francis
260 _c1991
365 _a
365 _b160
856 _uhttp://www.taylorfrancis.com/books/9780429435898
942 _cEBOOK
999 _c1821451
_d1821451